English Town to County - Statistics

General Stats
  • This quiz has been taken 36 times
  • The average score is 23 of 47
Answer Stats
Hint Answer % Correct
Poole Dorset
86%
Douglas Isle of Man
82%
Basildon Essex
79%
Cheltenham Gloucestershire
79%
Tunbridge Wells Kent
75%
Great Yarmouth Norfolk
75%
Tiverton Devon
71%
Hastings East Sussex
71%
Wirral Merseyside
71%
Sheffield South Yorkshire
68%
Slough Berkshire
64%
Kingston Upon Hull East Riding of Yorkshire
64%
Shrewsbury Shropshire
64%
Peterborough Cambridgeshire
61%
Stevenage Hertfordshire
61%
The square mile City of London
57%
Barrow-in-Furness Cumbria
57%
Crewe Cheshire
54%
Kingston upon Thames Greater London
54%
Bolton Greater Manchester
50%
Mansfield Nottinghamshire
50%
Stratford Upon Avon Warwickshire
50%
High Wycombe Buckinghamshire
46%
Chorley Lancashire
46%
Melton Mowbray Leicestershire
46%
Gateshead Tyne and Wear
46%
Leighton Buzzard Bedfordshire
43%
Ross-on-Wye Herefordshire
43%
Corby Northampton
43%
Alnwick Northumberland
43%
Coventry West Midlands
43%
Wakefield West Yorkshire
43%
Avonmouth Bristol
39%
Bishop Auckland Durham
39%
Petersfield Hampshire
36%
Woking Surrey
36%
Ventnor Isle of Wight
32%
Newmarket Suffolk
32%
Chichester West Sussex
32%
Helston Cornwall
29%
Sleaford Lincolnshire
29%
Middlesbrough North Yorkshire
25%
Oakham Rutland
25%
Bicester Oxfordshire
21%
Bromsgrove Worcestershire
21%
Wellington Somerset
18%
Uttoxeter Staffordshire
14%
No matching quizzes found
Score Distribution
Percent of People with Each Score
Percentile by Number Answered
Your Score History
You have not taken this quiz